Mysterium salutis: manual de teología como historia de la salvación
Gorde:
| Egile Nagusiak: | , |
|---|---|
| Formatua: | Liburua |
| Hizkuntza: | gaztelania |
| Argitaratua: |
Madrid
Cristiandad
1980
|
| Edizioa: | 2a. ed |
| Gaiak: | |
| Etiketak: |
Etiketa erantsi
Etiketarik gabe, Izan zaitez lehena erregistro honi etiketa jartzen!
|
MARC
| LEADER | 00000nam a2200000 a 4500 | ||
|---|---|---|---|
| 001 | UCL2596 | ||
| 003 | CL-VaPUC | ||
| 008 | 031031e19800000SP |||||||||||||||||spa|d | ||
| 082 | 0 | 4 | |a 230 |b FEI |2 21 |
| 100 | 0 | |a Feiner, Johannes |e author |9 479713 | |
| 700 | 0 | |a Löhrer, Magnus |e author |9 479714 | |
| 245 | 1 | 0 | |a Mysterium salutis: manual de teología como historia de la salvación |
| 250 | |a 2a. ed | ||
| 300 | |a v | ||
| 942 | |c BK | ||
| 945 | |d 20031031 00:00:00 |a rbrito | ||
| 260 | |a Madrid |b Cristiandad |c 1980 | ||
| 500 | |a v.3: El acontecimiento Cristo | ||
| 600 | 0 | |a Jesús |9 313614 | |
| 650 | 0 | |a Cristología |9 315091 | |
| 650 | 0 | |a Teología dogmática |9 313198 | |
| 650 | 0 | |a Nuevo testamento |9 257604 | |
| 650 | 0 | |a Cristianismo |9 257361 | |
| 650 | 7 | |a SOTERIOLOGIA |2 CL-VaPUC |9 479715 | |
| 583 | |a last modification |c 20031031 00:00:00 |k Rodrigo Vera | ||
| 999 | |c 305871 |d 305869 | ||
| 952 | |0 0 |1 0 |4 0 |6 230_000000000000000_FEI_1980 |7 0 |8 X |9 370367 |a BIBTEO |b BIBTEO |d 2019-11-21 |h v.3 |i 2085100 |o 230 FEI 1980 |p 2085100 |r 2025-01-17 |w 2019-11-21 |y BK_X |k ICR | ||
| 952 | |0 0 |1 0 |4 0 |6 230_000000000000000_FEI_1980 |7 0 |8 X |9 370368 |a BIBTEO |b BIBTEO |d 2019-11-21 |h v.3 |i 2085135 |o 230 FEI 1980 |p 2085135 |r 2025-01-17 |w 2019-11-21 |y BK_X |k ICR | ||